Statistics for Countries with NO Army but Limited Military Forces

Click here to take the quiz!

General Stats

  • This quiz has been taken 26 times
  • The average score is 2 of 7

Answer Stats

Country % Correct
Iceland
82%
Japan
29%
Monaco
29%
Panama
18%
Haiti
12%
Mauritius
12%
Vanuatu
6%

Score Distribution

Percentile by Number Answered

Percent of People with Each Score

Your Score History

You have not taken this quiz